Conservation and cleaning of masonry (Record no. 110307)
[ view plain ]
| 000 -LEADER | |
|---|---|
| fixed length control field | 01155cam a22002535a 4500 |
| 001 - CONTROL NUMBER | |
| control field | E145461 |
| 008 - FIXED-LENGTH DATA ELEMENTS--GENERAL INFORMATION | |
| fixed length control field | 091207s2009 xxk f 000 0 eng d |
| 020 ## - INTERNATIONAL STANDARD BOOK NUMBER | |
| International Standard Book Number | 9781848061132 |
| 035 ## - SYSTEM CONTROL NUMBER | |
| System control number | (Sirsi) u148961 |
| 041 0# - LANGUAGE CODE | |
| Language code of text/sound track or separate title | eng |
| 050 04 - LIBRARY OF CONGRESS CALL NUMBER | |
| Classification number | 690.241 $2 18 |
| 100 1# - MAIN ENTRY--PERSONAL NAME | |
| Personal name | De Vekey, Bob |
| 245 00 - TITLE STATEMENT | |
| Title | Conservation and cleaning of masonry |
| Remainder of title | part 2, brickwork, blockwork and terracotta |
| 260 ## - PUBLICATION, DISTRIBUTION, ETC. | |
| Place of publication, distribution, etc. | Garston |
| Name of publisher, distributor, etc. | BRE |
| Date of publication, distribution, etc. | 2009 |
| 300 ## - PHYSICAL DESCRIPTION | |
| Extent | 24p. |
| Other physical details | col. ill. |
| Dimensions | 30cm. |
| 490 #0 - SERIES STATEMENT | |
| Series statement | BRE Digest |
| Volume/sequential designation | DG 508 Part 2 |
| 520 ## - SUMMARY, ETC. | |
| Summary, etc. | Offers advice on identifying the causes of deterioration in various masonry materials, and suggests safe and effective conservation methods to remedy the situation. Supplements the information on principles of conserving masonry contained in BRE Digest 502 (L138176). Part 1 (E145461) deals with stonework and part 3 (E152919) with renders, plasters and stucco. |
| 521 ## - TARGET AUDIENCE NOTE | |
| Target audience note | Advanced |
| 590 ## - LOCAL NOTE (RLIN) | |
| Local note | KA |
| 651 #4 - SUBJECT ADDED ENTRY--GEOGRAPHIC NAME | |
| Geographic name | United Kingdom |
| Chronological subdivision | |
| 690 ## - LOCAL SUBJECT ADDED ENTRY--TOPICAL TERM (OCLC, RLIN) | |
| Topical term or geographic name as entry element | BUILT ENVIRONMENT-BUILDING MATERIALS-NON CEMENTITIOUS MATERIALS-CLAY BASED MATERIALS |
| 690 ## - LOCAL SUBJECT ADDED ENTRY--TOPICAL TERM (OCLC, RLIN) | |
| Topical term or geographic name as entry element | BUILT ENVIRONMENT-BUILDING MAINTENANCE AND REFURBISHMENT-BUILDING CONSERVATION |
| 942 ## - ADDED ENTRY ELEMENTS (KOHA) | |
| Suppress in OPAC | 0 |
| Withdrawn status | Lost status | Source of classification or shelving scheme | Damaged status | Not for loan | Home library | Current library | Shelving location | Date acquired | Total Checkouts | Full call number | Barcode | Date last seen | Copy number | Price effective from | Koha item type |
|---|---|---|---|---|---|---|---|---|---|---|---|---|---|---|---|
| Dewey Decimal Classification | London | London | BRE publications | 14/09/2010 | BRE | 30075561 | 06/08/2019 | 1 | 06/08/2019 | Book |